|
|
|
|
| LEADER |
00000nab a2200000 ar4500 |
| 001 |
vtls009006126 |
| 003 |
SK-MaSNL |
| 005 |
20260303192500.0 |
| 008 |
070630c19760304xo zr|||||||||000 b|slo |
| 015 |
|
|
|a SNBRB2007/07
|2 snkbucl
|
| 038 |
|
|
|a SNKBUCL
|
| 040 |
|
|
|a SNKBUCL
|b slo
|c SNKBUCL
|e AACR2
|
| 041 |
0 |
|
|a slo
|
| 044 |
|
|
|a xo
|c SK
|
| 080 |
|
|
|a 796.325.093.1
|x (437)
|2 2001
|
| 100 |
1 |
|
|a Považan, Igor
|4 aut
|9 7631
|
| 245 |
1 |
0 |
|a "Stredom siete" k víťazstvu
|b (k volejbalovým majstrovstvám ČSSR)
|c Igor Považan
|
| 611 |
2 |
7 |
|a Majstrovstvá ČSSR vo volejbale
|d (1976)
|2 snkbucl
|9 1222992
|
| 650 |
0 |
7 |
|a volejbal
|2 snkbucl
|9 3294
|
| 773 |
0 |
|
|t Šport
|g (4.3.1976), s. 3
|
| 852 |
|
|
|a SNK
|b KIS3GCP
|
| 958 |
|
|
|a SK
|
| 999 |
|
|
|c 2146513
|d 2148443
|